Statistics for Formula One Track by Corner Names

Click here to take the quiz!

General Stats

  • This quiz has been taken 365 times
  • The average score is 9 of 15

Answer Stats

CornerTrack% Correct
AscariAutodromo Nazionale Monza
95%
Eau RougeCircuit Spa-Francorchamps
94%
CopseSilverstone Circuit
91%
Sainte DevoteCircuit de Monaco
81%
TamburelloAutodromo Enzo e Dino Ferrari
79%
Curva GrandeAutodromo Nazionale Monza
70%
PouhonCircuit de Spa-Francorchamps
70%
BrabhamAlbert Park Circuit
55%
Spoon CurveSuzuka Circuit
55%
JuncaoAutodromo Jose Carlos Pace
53%
Sachs CurveHockenheimring
43%
Descida do LagoAutodromo Jose Carlos Pace
42%
SignesCircuit Paul Ricard
29%
PeraltadaAutodromo Hermanos Rodriguez
28%
Raffles BoulevardMarina Bay Circuit
21%

Score Distribution

Percentile by Number Answered

Percent of People with Each Score

Your Score History

You have not taken this quiz